Weiter zum Inhalt

Правовое регулирование бухгалтерского учета Учебник

Учебник подготовлен преподавателями кафедры финансового права Московского государственного юридического университета имени О. Е. Кутафина на которой впервые в юридических вузах был разработан учебный курс «Правовое регулирование бухгалтерского учета». Структура учебника состоит из общей и особенной...

Ausführliche Beschreibung

Gespeichert in:
Bibliographische Detailangaben
1. Verfasser: Арзуманова Л.Л
Format: Учебник
Ausgabe:1
Online Zugang:https://znanium.com/catalog/document?id=355592
https://znanium.com/cover/1011/1011095.jpg
Tags: Tag hinzufügen
Keine Tags, Fügen Sie den ersten Tag hinzu!
LEADER 06710nam0a2200541 i 4500
001 RU\infra-m\znanium\bibl\1011095
003 https://znanium.com/catalog/document?id=355592
005 20250805000000.0
010 |a 978-5-16-104662-3  |b электр. издание 
010 |a 978-5-16-012014-0  |b ISBN соиздателя 
100 |a 20250805d2020 m y0rusy0150 ca 
101 0 |a rus 
102 |a RU 
200 1 |a Правовое регулирование бухгалтерского учета  |e Учебник  |f Московский государственный юридический университет им. О.Е. Кутафина  |g Московский государственный юридический университет им. О.Е. Кутафина  |g Московский государственный университет им. М.В. Ломоносова, юридический факультет  |g Московский государственный институт международных отношений (университет) Министерства иностранных дел Российской Федерации 
205 |a 1 
210 1 |a Москва  |c ООО "Юридическое издательство Норма"  |d 2019 
215 |a 320 с. 
330 |a Учебник подготовлен преподавателями кафедры финансового права Московского государственного юридического университета имени О. Е. Кутафина на которой впервые в юридических вузах был разработан учебный курс «Правовое регулирование бухгалтерского учета». Структура учебника состоит из общей и особенной частей. Общая часть включает такие наиболее значимые разделы правового регулирования бухгалтерского учета как история и теория его становления и развития методология его ведения знакомит с системой бухгалтерского учета его правовыми основами особенностями правового регулирования инвентаризации калькуляции и бухгалтерской отчетности. Особенная часть посвящена вопросам специфики бухгалтерского учета в бюджетных учреждениях кредитных организациях организации налогового учета и правовому регулированию аудита. Для слушателей магистратуры юридических и неюридических вузов изучающих правовые основы бухгалтерского учета и аудита а также для практических работников. 
333 |a ВО - Магистратура 
606 |a Право. Юридические науки  |x Финансовое право  |2 local 
608 |a Учебник  |2 local 
675 |a [657.1:347.73](470+571)(075.8)  |z rus 
686 |a 67.402.02(2Рос)я73  |2 rubbk 
686 |a 38.03.01  |2 okso 
686 |a 40.03.01  |2 okso 
686 |a 40.05.01  |2 okso 
686 |a 40.05.02  |2 okso 
686 |a 40.05.03  |2 okso 
686 |a 40.05.04  |2 okso 
686 |a 44.03.05  |2 okso 
700 1 |a Арзуманова  |b Л.Л.  |g Лана Львовна  |p Московский государственный юридический университет им. О.Е. Кутафина 
701 1 |a Болтинова  |b О.В.  |g Ольга Викторовна  |p Московский государственный юридический университет им. О.Е. Кутафина 
701 1 |a Бубнова  |b О.Ю.  |g Ольга Юрьевна  |p Московский государственный юридический университет им. О.Е. Кутафина 
701 1 |a Быля  |b А. Б.  |g Александр Борисович  |p Московский государственный юридический университет им. О.Е. Кутафина 
701 1 |a Горлова  |b Е. 
701 1 |a Карташов  |b А.  |g Андрей 
701 1 |a Мошкова  |b Д.М.  |g Дарья Михайловна  |p Московский государственный юридический университет им. О.Е. Кутафина 
701 1 |a Орлова  |b Н.Ю.  |g Наталья Юрьевна  |p Московский государственный юридический университет им. О.Е. Кутафина 
701 1 |a Рождественская  |b Т.Э.  |g Татьяна Эдуардовна  |p Национальный исследовательский университет "Высшая школа экономики" 
701 1 |a Ситник  |b А.А.  |g Александр Александрович  |p Московский государственный юридический университет им. О.Е. Кутафина 
701 1 |a Чернобровкина  |b Е.Б.  |g Екатерина Борисовна  |p Московский государственный юридический университет им. О.Е. Кутафина 
702 1 |a Грачева  |b Е.Ю.  |g Елена Юрьевна  |p Московский государственный юридический университет им. О.Е. Кутафина  |r Отв. ред. и сост. 
712 0 2 |a Московский государственный юридический университет им. О.Е. Кутафина 
712 0 2 |a Московский государственный университет им. М.В. Ломоносова, юридический факультет 
712 0 2 |a Московский государственный институт международных отношений (университет) Министерства иностранных дел Российской Федерации 
801 0 |a RU  |b Общество с ограниченной ответственностью «ЗНАНИУМ»  |c 20181128  |2 rusmarc 
856 4 |a znanium.com  |m ebs_support@infra-m.ru  |n НИЦ ИНФРА-М  |u https://znanium.com/catalog/document?id=355592 
856 4 1 |a znanium.com  |d /cover/1011  |f 1011095.jpg  |q image/jpeg  |u https://znanium.com/cover/1011/1011095.jpg